| 000 | 00532nam a2200193Ia 4500 | ||
|---|---|---|---|
| 003 | GCL | ||
| 008 | 140319s9999 xx 000 0 eng d | ||
| 040 |
_aGCL / _cGCL |
||
| 082 | 0 | 4 |
_a940.2525 _bP E |
| 100 | 1 | _aPROUST, JACQUES | |
| 245 | 1 | 0 |
_aLE'EUROPE AU PRISME DU JAPON / _cPROUST, JACQUES |
| 260 |
_a[S.N] : _bALBIN MICHEL, S.A ، _c1997 |
||
| 300 | _a313 P | ||
| 650 | 0 | 4 | _aEUROPE - HISTORY |
| 650 | 0 | 4 | _aEUROPE - HISTORY - 17TH CENTURY |
| 650 | 0 | 4 | _aHISTORY |
| 650 | 0 | 4 | _aEUROPE - HISTORY - 18TH CENTURY |
| 942 |
_2ddc _cBK |
||
| 999 |
_c16329 _d16329 |
||